00721nam a2200193 a 4500008004100000020001800041050001400059100002300073245004800096250001200144260004500156300002200201350000900223650002300232700002500255995010000280999001700380952013000397120201s2010 ||||||||||||||||| || u a9780495560050 aQC 23 Kir aFrancis, Gregory E10aPhysics: a conceptual world view. (7th ed.) a7th ed. aBelmont, California:bBrooks/Cole c2010 axxiv, 662p.: ill. a0.00 aPHYSICS--TEXTBOOKS aKirkpatrick, Larry D FCBU-MAIN LIBRARY (Kitwe)I0.00M1UAVAILABLEWJun 20, 2012ZMain Library Open Access Collection c53593d53593 00102lcc4070a001b001cMain Library Open Access Collectiond2022-11-30l0oQC 23 Kirp742842r2022-11-30w2022-11-30y002